000 00322nab a22001097u 4500
008 130520b1991 xxu||||| |||| 00| 0 spa d
041 _aspa
100 1 _aPower, David N.
_947380
245 0 0 _aLa cura pastoral de los enfermos
_cDavid N. Power
773 0 _tConcilium
_gV.1,1991,págs.187-190
_x0210-1041
_wRev134
942 _cAR
999 _c355627
_d355627